000 00599nam a2200241Ia 4500
003 OSt
005 20221007062304.0
006 a|||||r|||| 00| 0
007 ta
008 221006b |||||||| |||| 00| 0 eng d
024 _a20,605
037 _cTextual
040 _aFLL
_cFLL
_beng
041 _2eng
_aeng
082 _aZ2qxM97, J9
100 _aBindra N.S.
245 0 _aGeneral clauses acts
250 _a3rd
260 _aAllahabad
_bLaw Book Co. India
_c1959
300 _a275p
_ccm.
942 _hZ2qxM97, J9
_cTEXL
_2CC
999 _c1128235
_d1128235